[Event "49th Rilton Cup 2019-20"]
[Site "Stockholm"]
[Date "2019.12.30"]
[Round "4.7"]
[White "Ionov, Sergey"]
[Black "Bellon Lopez, Juan Manuel"]
[Result "1/2-1/2"]
[WhiteElo "2521"]
[BlackElo "2353"]
[Annotator "ChessBase"]
[PlyCount "57"]
[EventDate "2019.12.27"]
[EventType "swiss"]
[EventCountry "SWE"]
[SourceTitle "playchess.com"]
[Source "ChessBase"]
[SourceQuality "1"]
[TimeControl "40/5400+30:1800+30"]

1. e4 {[%emt 0:00:00]} c5 {[%emt 0:00:00]} 2. Nf3 {[%emt 0:00:08]} e6 {[%emt 0:00:07]} 3. d4 {[%emt 0:00:59]} cxd4 {[%emt 0:00:07]} 4. Nxd4 {[%emt 0:00:05]} a6 {[%emt 0:00:57]} 5. c4 {[%emt 0:00:29]} Nf6 {[%emt 0:01:19]} 6. Nc3 {[%emt 0:00:05]} Qc7 {[%emt 0:00:06]} 7. Be2 {[%emt 0:02:27]} Nc6 {[%emt 0:03:35]} 8. Nc2 {[%emt 0:14:26]} d6 {[%emt 0:04:12]} 9. O-O {[%emt 0:07:43]} b6 {[%emt 0:11:17]} 10. Be3 {[%emt 0:13:21]} Ne5 {[%emt 0:06:18]} 11. Rc1 {[%emt 0:03:24]} Bb7 {[%emt 0:01:28]} 12. f3 {[%emt 0:07:42]} Ned7 {[%emt 0:07:08]} 13. Qd2 {[%emt 0:03:58]} Be7 {[%emt 0:00:46]} 14. Rfd1 {[%emt 0:01:20]} O-O {[%emt 0:02:00]} 15. Nd4 {[%emt 0:02:27]} Rac8 {[%emt 0:03:00]} 16. Bf1 {[%emt 0:01:57]} Qb8 {[%emt 0:01:30]} 17. Kh1 {[%emt 0:03:22]} Rfe8 {[%emt 0:03:39]} 18. Bg1 {[%emt 0:02:46]} Bd8 {[%emt 0:05:25]} 19. b4 {[%emt 0:00:54]} Bc7 {[%emt 0:04:20]} 20. Rb1 {[%emt 0:02:41]} Ne5 {[%emt 0:07:01]} 21. Nb3 {[%emt 0:09:09]} Bd8 {[%emt 0:10:42]} 22. c5 {[%emt 0:07:23]} dxc5 {[%emt 0:02:20]} 23. bxc5 {[%emt 0:00:05]} b5 {[%emt 0:02:19]} 24. Nd4 {[%emt 0:01:25]} Ba5 {[%emt 0:00:58]} 25. Nb3 {[%emt 0:02:22]} Bc7 {[%emt 0:02:25]} 26. Nd4 {[%emt 0:01:41]} Ba5 {[%emt 0:02:09]} 27. Nb3 {[%emt 0:02:50]} Bc7 {[%emt 0:03:58]} 28. Nd4 {[%emt 0:03:20]} Ba5 {[%emt 0:01:41]} 29. Nb3 1/2-1/2

[Event "49th Rilton Cup 2019-20"]
[Site "Stockholm"]
[Date "2019.12.30"]
[Round "4.8"]
[White "Quesada Perez, Luis Ernesto"]
[Black "Vestby-Ellingsen, Mads"]
[Result "1/2-1/2"]
[WhiteElo "2499"]
[BlackElo "2346"]
[Annotator "ChessBase"]
[PlyCount "136"]
[EventDate "2019.12.27"]
[EventType "swiss"]
[EventCountry "SWE"]
[SourceTitle "playchess.com"]
[Source "ChessBase"]
[SourceQuality "1"]
[TimeControl "40/5400+30:1800+30"]

1. d4 {[%emt 0:03:44]} Nf6 {[%emt 0:00:00]} 2. Nf3 {[%emt 0:00:32]} g6 {[%emt 0:00:02]} 3. g3 {[%emt 0:00:14]} d5 {[%emt 0:00:45]} 4. Bg2 {[%emt 0:00:12]} Bg7 {[%emt 0:00:13]} 5. O-O {[%emt 0:00:08]} O-O {[%emt 0:00:12]} 6. c4 {[%emt 0:00:25]} dxc4 {[%emt 0:00:18]} 7. Na3 {[%emt 0:00:12]} c3 {[%emt 0:00:11]} 8. bxc3 {[%emt 0:00:05]} c5 {[%emt 0:00:08]} 9. e3 {[%emt 0:02:11]} Nc6 {[%emt 0:00:35]} 10. Qe2 {[%emt 0:00:26]} Nd5 {[%emt 0:09:40]} 11. Bb2 {[%emt 0:03:30]} Nb6 {[%emt 0:05:29]} 12. Rac1 {[%emt 0:14:47]} Qd5 {[%emt 0:17:37]} 13. c4 {[%emt 0:36:54]} Qh5 {[%emt 0:00:15]} 14. d5 {[%emt 0:00:06]} Ne5 {[%emt 0:13:39]} 15. Rc2 {[%emt 0:00:16]} Bg4 {[%emt 0:07:12]} 16. Bxe5 {[%emt 0:00:06]} Bxe5 {[%emt 0:00:18]} 17. h3 {[%emt 0:00:04]} Bxf3 {[%emt 0:00:25]} 18. Qxf3 {[%emt 0:00:04]} Qxf3 {[%emt 0:00:14]} 19. Bxf3 {[%emt 0:00:03]} Nc8 {[%emt 0:06:33]} 20. Nb1 {[%emt 0:00:22]} Nd6 {[%emt 0:00:46]} 21. Nd2 {[%emt 0:00:05]} f5 {[%emt 0:02:50]} 22. Rb1 {[%emt 0:01:04]} Kg7 {[%emt 0:06:02]} 23. Be2 {[%emt 0:03:26]} Bf6 {[%emt 0:03:50]} 24. Bd3 {[%emt 0:09:59]} Rae8 {[%emt 0:07:40]} 25. Rb3 {[%emt 0:02:11]} e6 {[%emt 0:08:26]} 26. dxe6 {[%emt 0:01:42]} Rxe6 {[%emt 0:00:20]} 27. Be2 {[%emt 0:00:10]} Rd8 {[%emt 0:03:32]} 28. Bf3 {[%emt 0:03:34]} Re7 {[%emt 0:00:07]} 29. Bd5 {[%emt 0:00:14]} b6 {[%emt 0:01:14]} 30. Kf1 {[%emt 0:04:17]} Ne8 {[%emt 0:00:53]} 31. a4 {[%emt 0:00:41]} Nc7 {[%emt 0:00:35]} 32. Bb7 {[%emt 0:03:14]} Rb8 {[%emt 0:01:33]} 33. Bg2 {[%emt 0:00:14]} Na6 {[%emt 0:00:19]} 34. Nf3 {[%emt 0:01:57]} Rd7 {[%emt 0:00:25]} 35. Ke2 {[%emt 0:00:41]} Nb4 {[%emt 0:01:01]} 36. Rd2 {[%emt 0:00:06]} Rxd2+ {[%emt 0:02:19]} 37. Nxd2 {[%emt 0:00:14]} a5 {[%emt 0:01:06]} 38. Nb1 {[%emt 0:06:14]} Na2 {[%emt 0:01:37]} 39. Rb5 {[%emt 0:02:47]} Nb4 {[%emt 0:00:26]} 40. g4 {[%emt 0:01:08]} fxg4 41. hxg4 {[%emt 0:30:01]} g5 {[%emt 0:24:14]} 42. Nd2 {[%emt 0:00:00]} Be5 {[%emt 0:00:35]} 43. Ne4 {[%emt 0:00:00]} h6 {[%emt 0:00:10]} 44. Nxc5 {[%emt 0:00:00]} bxc5 {[%emt 0:00:09]} 45. Rxc5 {[%emt 0:00:00]} Bd6 {[%emt 0:00:50]} 46. Rxa5 {[%emt 0:00:00]} Rc8 {[%emt 0:00:27]} 47. Bd5 {[%emt 0:00:00]} Rc5 {[%emt 0:01:04]} 48. Ra7+ {[%emt 0:00:00]} Rc7 {[%emt 0:00:20]} 49. Ra8 {[%emt 0:00:00]} Bc5 {[%emt 0:01:00]} 50. Be4 {[%emt 0:00:00]} Ra7 {[%emt 0:01:17]} 51. Rc8 {[%emt 0:00:00]} Be7 {[%emt 0:00:24]} 52. c5 {[%emt 0:00:00]} Rxa4 {[%emt 0:00:21]} 53. c6 {[%emt 0:00:00]} Ra2+ {[%emt 0:01:07]} 54. Kf3 {[%emt 0:00:00]} Ra1 {[%emt 0:01:31]} 55. Rb8 {[%emt 0:05:12]} Ra7 {[%emt 0:02:07]} 56. Ke2 {[%emt 0:02:00]} Rc7 {[%emt 0:00:16]} 57. Rb6 {[%emt 0:00:35]} Kf6 {[%emt 0:02:01]} 58. f4 {[%emt 0:00:42]} gxf4 {[%emt 0:01:36]} 59. exf4 {[%emt 0:00:07]} Bc5 {[%emt 0:00:36]} 60. Rb8 {[%emt 0:00:27]} Nxc6 {[%emt 0:00:32]} 61. Rh8 {[%emt 0:00:07]} Nd4+ {[%emt 0:00:29]} 62. Kd3 {[%emt 0:00:19]} Ne6 {[%emt 0:00:33]} 63. Rxh6+ {[%emt 0:00:08]} Ke7 {[%emt 0:00:06]} 64. f5 {[%emt 0:01:58]} Nf4+ {[%emt 0:00:11]} 65. Kd2 {[%emt 0:00:12]} Rd7+ {[%emt 0:00:18]} 66. Kc3 {[%emt 0:00:21]} Rd6 {[%emt 0:01:14]} 67. g5 {[%emt 0:01:04]} Bd4+ {[%emt 0:00:36]} 68. Kc4 {[%emt 0:00:19]} Rxh6 {[%emt 0:00:21]} 1/2-1/2

[Event "49th Rilton Cup 2019-20"]
[Site "Stockholm"]
[Date "2019.12.30"]
[Round "4.9"]
[White "Serarols Mabras, Bernat"]
[Black "Miezis, Normunds"]
[Result "1/2-1/2"]
[WhiteElo "2356"]
[BlackElo "2486"]
[Annotator "ChessBase"]
[PlyCount "61"]
[EventDate "2019.12.27"]
[EventType "swiss"]
[EventCountry "SWE"]
[SourceTitle "playchess.com"]
[Source "ChessBase"]
[SourceQuality "1"]
[TimeControl "40/5400+30:1800+30"]

1. d4 {[%emt 0:00:42]} Nf6 {[%emt 0:00:17]} 2. c4 {[%emt 0:00:06]} e6 {[%emt 0:00:31]} 3. Nc3 {[%emt 0:00:21]} Bb4 {[%emt 0:01:14]} 4. e3 {[%emt 0:00:20]} O-O {[%emt 0:02:25]} 5. Bd2 {[%emt 0:00:12]} d5 {[%emt 0:06:45]} 6. Nf3 {[%emt 0:01:48]} c5 {[%emt 0:08:41]} 7. a3 {[%emt 0:09:05]} Bxc3 {[%emt 0:02:09]} 8. Bxc3 {[%emt 0:01:31]} Ne4 {[%emt 0:01:11]} 9. Rc1 {[%emt 0:01:27]} Nxc3 {[%emt 0:04:45]} 10. Rxc3 {[%emt 0:01:37]} cxd4 {[%emt 0:00:12]} 11. Nxd4 {[%emt 0:01:45]} dxc4 {[%emt 0:12:28]} 12. Bxc4 {[%emt 0:02:01]} a6 {[%emt 0:00:25]} 13. O-O {[%emt 0:03:52]} b5 {[%emt 0:05:05]} 14. Be2 {[%emt 0:02:23]} Bb7 {[%emt 0:09:13]} 15. Bf3 {[%emt 0:03:21]} Ra7 {[%emt 0:02:53]} 16. Bxb7 {[%emt 0:09:04]} Rxb7 {[%emt 0:03:24]} 17. Qf3 {[%emt 0:02:52]} Rd7 {[%emt 0:00:51]} 18. h3 {[%emt 0:04:49]} g6 {[%emt 0:05:15]} 19. Qg3 {[%emt 0:02:50]} Rd5 {[%emt 0:05:37]} 20. Rfc1 {[%emt 0:07:15]} Nd7 {[%emt 0:07:48]} 21. b4 {[%emt 0:10:10]} Ne5 {[%emt 0:03:01]} 22. Nc6 {[%emt 0:03:48]} Nxc6 {[%emt 0:03:01]} 23. Rxc6 {[%emt 0:00:07]} a5 {[%emt 0:00:43]} 24. bxa5 {[%emt 0:07:50]} Qxa5 {[%emt 0:00:27]} 25. R1c3 {[%emt 0:02:52]} b4 {[%emt 0:03:36]} 26. axb4 {[%emt 0:00:33]} Qxb4 {[%emt 0:00:09]} 27. Rc8 {[%emt 0:01:31]} Rxc8 {[%emt 0:02:22]} 28. Rxc8+ {[%emt 0:00:06]} Kg7 {[%emt 0:00:08]} 29. Rc1 {[%emt 0:00:19]} Qe4 {[%emt 0:02:29]} 30. Qf4 {[%emt 0:01:00]} Qxf4 {[%emt 0:00:14]} 31. exf4 {[%emt 0:00:04]} 1/2-1/2

[Event "49th Rilton Cup 2019-20"]
[Site "Stockholm"]
[Date "2019.12.30"]
[Round "4.10"]
[White "Nesterov, Arseniy"]
[Black "Sidhant, Mohapatra"]
[Result "1-0"]
[WhiteElo "2482"]
[BlackElo "2338"]
[Annotator "ChessBase"]
[PlyCount "77"]
[EventDate "2019.12.27"]
[EventType "swiss"]
[EventCountry "SWE"]
[SourceTitle "playchess.com"]
[Source "ChessBase"]
[SourceQuality "1"]
[TimeControl "40/5400+30:1800+30"]

1. d4 {[%emt 0:00:00]} d5 {[%emt 0:00:15]} 2. c4 {[%emt 0:00:00]} c6 {[%emt 0:00:58]} 3. Nf3 {[%emt 0:00:00]} Nf6 {[%emt 0:00:20]} 4. g3 {[%emt 0:00:00]} Bg4 {[%emt 0:05:45]} 5. Ne5 {[%emt 0:07:23]} Bf5 {[%emt 0:00:45]} 6. cxd5 {[%emt 0:00:59]} cxd5 {[%emt 0:02:07]} 7. Nc3 {[%emt 0:00:09]} Nc6 {[%emt 0:02:12]} 8. f3 {[%emt 0:07:02]} Bd7 {[%emt 0:00:55]} 9. Bg2 {[%emt 0:04:34]} e6 {[%emt 0:00:23]} 10. Nxd7 {[%emt 0:00:53]} Qxd7 {[%emt 0:08:53]} 11. O-O {[%emt 0:02:21]} Be7 {[%emt 0:00:16]} 12. Be3 {[%emt 0:01:46]} O-O {[%emt 0:00:11]} 13. Bf2 {[%emt 0:00:16]} Rfd8 {[%emt 0:00:15]} 14. Qd3 {[%emt 0:02:48]} Rac8 {[%emt 0:02:07]} 15. Rac1 {[%emt 0:03:00]} Qc7 {[%emt 0:01:18]} 16. e3 {[%emt 0:03:39]} Qb8 {[%emt 0:02:34]} 17. Rfd1 {[%emt 0:05:47]} a6 {[%emt 0:02:36]} 18. Ne2 {[%emt 0:05:08]} b5 {[%emt 0:01:23]} 19. Kh1 {[%emt 0:06:37]} Rd7 {[%emt 0:08:48]} 20. e4 {[%emt 0:06:11]} Rdc7 {[%emt 0:00:17]} 21. e5 {[%emt 0:01:58]} Nd7 {[%emt 0:00:08]} 22. f4 {[%emt 0:00:12]} g6 {[%emt 0:06:51]} 23. g4 {[%emt 0:01:40]} Nb6 {[%emt 0:00:46]} 24. f5 {[%emt 0:06:36]} Bg5 {[%emt 0:01:11]} 25. Rb1 {[%emt 0:02:49]} Nb4 {[%emt 0:02:15]} 26. Qb3 {[%emt 0:00:46]} Rc4 {[%emt 0:00:26]} 27. f6 {[%emt 0:05:16]} a5 {[%emt 0:01:28]} 28. h4 {[%emt 0:01:06]} Bh6 {[%emt 0:02:19]} 29. a3 {[%emt 0:05:14]} a4 {[%emt 0:02:30]} 30. Qh3 {[%emt 0:01:51]} Rc2 {[%emt 0:02:14]} 31. Bf3 {[%emt 0:00:42]} Nc6 {[%emt 0:00:22]} 32. g5 {[%emt 0:00:11]} Bf8 {[%emt 0:01:08]} 33. h5 {[%emt 0:00:06]} Nd8 {[%emt 0:00:24]} 34. hxg6 {[%emt 0:00:58]} fxg6 {[%emt 0:00:10]} 35. Bg4 {[%emt 0:00:13]} R8c6 {[%emt 0:00:54]} 36. Rdc1 {[%emt 0:00:58]} Qc8 {[%emt 0:00:41]} 37. Rxc2 {[%emt 0:00:04]} Rxc2 {[%emt 0:00:08]} 38. Kg2 {[%emt 0:02:12]} h6 {[%emt 0:05:29]} 39. Qd3 {[%emt 0:01:20]} 1-0

[Event "49th Rilton Cup 2019-20"]
[Site "Stockholm"]
[Date "2019.12.30"]
[Round "4.11"]
[White "Volkov, Sergey"]
[Black "Del Rey, Diego"]
[Result "1-0"]
[WhiteElo "2578"]
[BlackElo "2374"]
[Annotator "ChessBase"]
[PlyCount "113"]
[EventDate "2019.12.27"]
[EventType "swiss"]
[EventCountry "SWE"]
[SourceTitle "playchess.com"]
[Source "ChessBase"]
[SourceQuality "1"]
[TimeControl "40/5400+30:1800+30"]

1. d4 {[%emt 0:00:00]} Nf6 {[%emt 0:00:00]} 2. c4 {[%emt 0:00:00]} e6 {[%emt 0:00:00]} 3. Nc3 {[%emt 0:00:21]} Bb4 {[%emt 0:00:00]} 4. e3 {[%emt 0:00:22]} c5 {[%emt 0:00:00]} 5. Nge2 {[%emt 0:01:05]} cxd4 {[%emt 0:00:07]} 6. exd4 {[%emt 0:00:11]} O-O {[%emt 0:00:06]} 7. a3 {[%emt 0:01:26]} Be7 {[%emt 0:00:05]} 8. b4 {[%emt 0:01:43]} b6 {[%emt 0:07:54]} 9. d5 {[%emt 0:02:33]} exd5 {[%emt 0:00:10]} 10. cxd5 {[%emt 0:00:40]} Re8 {[%emt 0:01:43]} 11. g3 {[%emt 0:06:21]} Bb7 {[%emt 0:09:18]} 12. Bg2 {[%emt 0:01:34]} a5 {[%emt 0:00:47]} 13. b5 {[%emt 0:07:19]} Bc5 {[%emt 0:00:06]} 14. O-O {[%emt 0:02:35]} d6 {[%emt 0:02:30]} 15. Nd4 {[%emt 0:05:42]} Bxd4 {[%emt 0:00:32]} 16. Qxd4 {[%emt 0:00:06]} Nbd7 {[%emt 0:00:05]} 17. Bg5 {[%emt 0:01:33]} h6 {[%emt 0:00:34]} 18. Bf4 {[%emt 0:06:43]} Ne5 {[%emt 0:05:07]} 19. Na4 {[%emt 0:08:02]} Nfd7 {[%emt 0:00:41]} 20. Bxe5 {[%emt 0:00:41]} Rxe5 {[%emt 0:03:05]} 21. Rac1 {[%emt 0:00:29]} Rc8 {[%emt 0:09:01]} 22. Rc6 {[%emt 0:08:02]} Bxc6 {[%emt 0:00:16]} 23. dxc6 {[%emt 0:00:23]} Nc5 {[%emt 0:00:09]} 24. Nc3 {[%emt 0:00:48]} Ne6 {[%emt 0:01:14]} 25. Qd3 {[%emt 0:04:15]} Nc7 {[%emt 0:03:34]} 26. f4 {[%emt 0:05:31]} Rc5 {[%emt 0:04:15]} 27. Rb1 {[%emt 0:00:32]} d5 {[%emt 0:03:39]} 28. Na4 {[%emt 0:00:40]} Qd6 {[%emt 0:00:26]} 29. Nxc5 {[%emt 0:04:27]} Qxc5+ {[%emt 0:00:05]} 30. Kh1 {[%emt 0:00:19]} a4 {[%emt 0:01:56]} 31. Re1 {[%emt 0:06:37]} Rd8 {[%emt 0:01:54]} 32. Bf1 {[%emt 0:01:34]} d4 {[%emt 0:00:50]} 33. Re5 {[%emt 0:05:44]} Qd6 {[%emt 0:02:44]} 34. Bg2 {[%emt 0:06:02]} g6 {[%emt 0:07:15]} 35. h4 {[%emt 0:02:15]} h5 {[%emt 0:00:46]} 36. Kh2 {[%emt 0:01:41]} Kf8 {[%emt 0:01:33]} 37. Bf3 {[%emt 0:01:24]} Kg7 {[%emt 0:09:09]} 38. Kg2 {[%emt 0:00:54]} Ra8 {[%emt 0:02:00]} 39. Kf2 {[%emt 0:01:45]} Ra5 {[%emt 0:05:15]} 40. Be2 {[%emt 0:02:54]} Ra8 {[%emt 0:06:51]} 41. Bf3 {[%emt 0:32:35]} Rd8 {[%emt 0:35:08]} 42. Bg2 {[%emt 0:00:00]} Kf8 {[%emt 0:00:00]} 43. Bh3 {[%emt 0:00:00]} Re8 {[%emt 0:00:00]} 44. Rxe8+ {[%emt 0:00:00]} Kxe8 {[%emt 0:00:00]} 45. f5 {[%emt 0:00:00]} Kd8 {[%emt 0:00:00]} 46. fxg6 {[%emt 0:00:00]} fxg6 {[%emt 0:00:00]} 47. Bf1 {[%emt 0:00:00]} Ne8 {[%emt 0:00:00]} 48. Ke1 {[%emt 0:00:00]} Kc7 {[%emt 0:00:00]} 49. Kd1 {[%emt 0:00:00]} Qf6 {[%emt 0:00:00]} 50. Be2 {[%emt 0:00:00]} Nd6 {[%emt 0:00:00]} 51. Qc2 {[%emt 0:00:00]} Qf5 {[%emt 0:00:00]} 52. Qxf5 {[%emt 0:00:00]} Nxf5 {[%emt 0:00:00]} 53. Bd3 {[%emt 0:00:00]} Nd6 {[%emt 0:00:00]} 54. Ke2 {[%emt 0:00:00]} Kd8 {[%emt 0:00:00]} 55. Kf3 {[%emt 0:00:00]} Ke7 {[%emt 0:00:00]} 56. Kf4 {[%emt 0:00:00]} Kf6 {[%emt 0:00:00]} 57. c7 {[%emt 0:00:00]} 1-0

[Event "49th Rilton Cup 2019-20"]
[Site "Stockholm"]
[Date "2019.12.30"]
[Round "4.12"]
[White "Meshkovs, Nikita"]
[Black "Koykka, Pekka"]
[Result "1-0"]
[WhiteElo "2558"]
[BlackElo "2372"]
[Annotator "ChessBase"]
[PlyCount "95"]
[EventDate "2019.12.27"]
[EventType "swiss"]
[EventCountry "SWE"]
[SourceTitle "playchess.com"]
[Source "ChessBase"]
[SourceQuality "1"]
[TimeControl "40/5400+30:1800+30"]

1. Nf3 {[%emt 0:04:10]} d5 {[%emt 0:00:00]} 2. g3 {[%emt 0:00:21]} Nc6 {[%emt 0:00:05]} 3. d4 {[%emt 0:00:21]} Bg4 {[%emt 0:00:12]} 4. Bg2 {[%emt 0:01:47]} e6 {[%emt 0:00:12]} 5. Nbd2 {[%emt 0:02:12]} Nf6 {[%emt 0:02:07]} 6. O-O {[%emt 0:02:17]} Bd6 {[%emt 0:03:22]} 7. c4 {[%emt 0:03:04]} O-O {[%emt 0:02:24]} 8. b3 {[%emt 0:04:52]} Ne4 {[%emt 0:13:13]} 9. Bb2 {[%emt 0:02:45]} f5 {[%emt 0:02:49]} 10. Ne1 {[%emt 0:13:20]} Qg5 {[%emt 0:04:08]} 11. Nxe4 {[%emt 0:02:37]} fxe4 {[%emt 0:00:42]} 12. f3 {[%emt 0:01:05]} Bf5 {[%emt 0:12:57]} 13. Qc1 {[%emt 0:03:39]} Qg6 {[%emt 0:19:43]} 14. Qe3 {[%emt 0:04:12]} h5 {[%emt 0:01:49]} 15. fxe4 {[%emt 0:15:25]} dxe4 {[%emt 0:00:30]} 16. Nc2 {[%emt 0:00:17]} Be7 {[%emt 0:09:43]} 17. Ba3 {[%emt 0:03:29]} Bg5 {[%emt 0:04:31]} 18. Qc3 {[%emt 0:00:09]} Rfd8 {[%emt 0:01:16]} 19. Rad1 {[%emt 0:00:59]} Rd7 {[%emt 0:02:04]} 20. Ne3 {[%emt 0:17:00]} Rad8 {[%emt 0:00:56]} 21. Nxf5 {[%emt 0:00:09]} exf5 {[%emt 0:00:13]} 22. d5 {[%emt 0:00:26]} Bf6 {[%emt 0:02:15]} 23. Qe3 {[%emt 0:00:10]} Ne5 {[%emt 0:01:12]} 24. Bh3 {[%emt 0:05:00]} Ng4 {[%emt 0:01:33]} 25. Qf4 {[%emt 0:01:00]} Rf7 {[%emt 0:00:54]} 26. Bxg4 {[%emt 0:00:47]} hxg4 {[%emt 0:01:09]} 27. Kh1 {[%emt 0:00:18]} Bg5 {[%emt 0:00:56]} 28. Qe5 {[%emt 0:00:01]} Qa6 {[%emt 0:02:05]} 29. Bc1 {[%emt 0:04:18]} Bf6 {[%emt 0:03:26]} 30. Qxf5 {[%emt 0:01:20]} Qxa2 {[%emt 0:00:09]} 31. Qxg4 {[%emt 0:01:01]} Qxb3 {[%emt 0:02:26]} 32. Qxe4 {[%emt 0:00:01]} b5 {[%emt 0:02:27]} 33. cxb5 {[%emt 0:01:12]} Qxb5 {[%emt 0:01:19]} 34. Rd3 {[%emt 0:02:14]} Re7 {[%emt 0:01:32]} 35. Qf3 {[%emt 0:00:49]} Rde8 {[%emt 0:01:04]} 36. Re1 {[%emt 0:00:36]} Re4 {[%emt 0:01:57]} 37. Bf4 {[%emt 0:00:23]} Qa5 {[%emt 0:00:21]} 38. Bd2 {[%emt 0:01:26]} Qa2 {[%emt 0:00:33]} 39. g4 {[%emt 0:00:28]} Qc4 {[%emt 0:00:41]} 40. g5 {[%emt 0:00:40]} Be7 {[%emt 0:00:19]} 41. Rc1 {[%emt 0:16:45]} Qa4 {[%emt 0:01:34]} 42. g6 {[%emt 0:03:08]} Bf6 {[%emt 0:06:33]} 43. Re3 {[%emt 0:00:36]} Rh4 {[%emt 0:13:13]} 44. Rxe8+ {[%emt 0:10:26]} Qxe8 {[%emt 0:00:03]} 45. d6 {[%emt 0:01:04]} cxd6 {[%emt 0:00:53]} 46. Qf5 {[%emt 0:00:31]} Bd8 {[%emt 0:10:37]} 47. Rc8 {[%emt 0:00:11]} Rd4 {[%emt 0:00:20]} 48. Qe6+ {[%emt 0:00:33]} 1-0

[Event "49th Rilton Cup 2019-20"]
[Site "Stockholm"]
[Date "2019.12.30"]
[Round "4.13"]
[White "Kaasen, Tor Fredrik"]
[Black "Schoppen, Casper"]
[Result "1-0"]
[WhiteElo "2385"]
[BlackElo "2507"]
[Annotator "ChessBase"]
[PlyCount "69"]
[EventDate "2019.12.27"]
[EventType "swiss"]
[EventCountry "SWE"]
[SourceTitle "playchess.com"]
[Source "ChessBase"]
[SourceQuality "1"]
[TimeControl "40/5400+30:1800+30"]

1. e4 {[%emt 0:10:05]} c5 {[%emt 0:00:00]} 2. Nf3 {[%emt 0:00:28]} d6 {[%emt 0:00:07]} 3. d4 {[%emt 0:01:19]} cxd4 {[%emt 0:00:05]} 4. Nxd4 {[%emt 0:00:07]} Nf6 {[%emt 0:00:05]} 5. Nc3 {[%emt 0:00:04]} a6 {[%emt 0:00:07]} 6. h3 {[%emt 0:01:12]} e6 {[%emt 0:04:12]} 7. g4 {[%emt 0:01:24]} h6 {[%emt 0:00:12]} 8. Bg2 {[%emt 0:00:40]} Nc6 {[%emt 0:04:33]} 9. Nxc6 {[%emt 0:06:26]} bxc6 {[%emt 0:00:06]} 10. e5 {[%emt 0:00:15]} dxe5 {[%emt 0:10:25]} 11. Qxd8+ {[%emt 0:11:33]} Kxd8 {[%emt 0:00:05]} 12. Bxc6 {[%emt 0:01:05]} Rb8 {[%emt 0:00:20]} 13. b3 {[%emt 0:06:41]} Kc7 {[%emt 0:03:54]} 14. Bg2 {[%emt 0:01:10]} Bb4 {[%emt 0:02:55]} 15. Bb2 {[%emt 0:03:43]} Rd8 {[%emt 0:28:00]} 16. a3 {[%emt 0:01:26]} Bc5 {[%emt 0:00:25]} 17. Ne2 {[%emt 0:03:03]} Nd7 {[%emt 0:00:26]} 18. f4 {[%emt 0:02:44]} exf4 {[%emt 0:02:15]} 19. Nxf4 {[%emt 0:06:27]} Nf6 {[%emt 0:06:45]} 20. Be5+ {[%emt 0:04:59]} Bd6 {[%emt 0:00:13]} 21. Nd3 {[%emt 0:00:24]} Ne8 {[%emt 0:02:48]} 22. Bc3 {[%emt 0:01:56]} Kd7 {[%emt 0:06:17]} 23. Ne5+ {[%emt 0:05:11]} Bxe5 {[%emt 0:00:09]} 24. Bxe5 {[%emt 0:00:12]} Rb5 {[%emt 0:00:16]} 25. O-O-O+ {[%emt 0:02:04]} Ke7 {[%emt 0:00:08]} 26. Rxd8 {[%emt 0:00:41]} Kxd8 {[%emt 0:00:04]} 27. Rd1+ {[%emt 0:00:25]} Ke7 {[%emt 0:00:21]} 28. Bc3 {[%emt 0:00:34]} f6 {[%emt 0:06:41]} 29. Bb4+ {[%emt 0:02:25]} Rxb4 {[%emt 0:00:06]} 30. axb4 {[%emt 0:00:04]} g5 {[%emt 0:00:19]} 31. c4 {[%emt 0:00:58]} Nd6 {[%emt 0:00:39]} 32. Bc6 {[%emt 0:00:36]} f5 {[%emt 0:00:43]} 33. b5 {[%emt 0:03:33]} axb5 {[%emt 0:00:03]} 34. c5 {[%emt 0:00:29]} Nf7 {[%emt 0:00:43]} 35. Bxb5 {[%emt 0:00:20]} 1-0

[Event "49th Rilton Cup 2019-20"]
[Site "Stockholm"]
[Date "2019.12.30"]
[Round "4.14"]
[White "Santarius, Erik"]
[Black "Valsecchi, Alessio"]
[Result "1-0"]
[WhiteElo "2382"]
[BlackElo "2503"]
[Annotator "RC"]
[PlyCount "65"]
[EventDate "2019.12.27"]
[EventType "swiss"]
[EventCountry "SWE"]
[SourceTitle "playchess.com"]
[Source "ChessBase"]
[SourceQuality "1"]
[TimeControl "40/5400+30:1800+30"]

1. d4 {[%emt 0:00:00]} d5 {[%emt 0:00:00]} 2. Nf3 {[%emt 0:00:00]} Nf6 {[%emt 0:00:00]} 3. c4 {[%emt 0:00:01]} e6 {[%emt 0:00:08]} 4. Nc3 {[%emt 0:00:20]} Bb4 {[%emt 0:01:46]} 5. Qa4+ {[%emt 0:00:37]} Nc6 {[%emt 0:00:07]} 6. Bg5 {[%emt 0:00:34]} h6 {[%emt 0:00:15]} 7. Bxf6 {[%emt 0:00:54]} Qxf6 {[%emt 0:00:08]} 8. cxd5 {[%emt 0:00:08]} exd5 {[%emt 0:00:29]} 9. e3 {[%emt 0:00:13]} O-O {[%emt 0:01:14]} 10. Rc1 {[%emt 0:00:39]} Qg6 {[%emt 0:09:51]} 11. Nh4 {[%emt 0:00:36]} Qf6 {[%emt 0:03:57]} 12. Nf3 {[%emt 0:00:12]} Qg6 {[%emt 0:00:52]} 13. Nh4 {[%emt 0:02:00]} Qg4 {[%emt 0:14:30]} 14. Nf3 {[%emt 0:00:26]} Be6 {[%emt 0:08:09]} 15. h3 {[%emt 0:02:59]} Qg6 {[%emt 0:00:27]} 16. Qd1 {[%emt 0:00:30]} a6 {[%emt 0:04:02]} 17. Bd3 {[%emt 0:00:34]} Qf6 {[%emt 0:05:55]} 18. O-O {[%emt 0:00:56]} Rfe8 {[%emt 0:01:12]} 19. a3 {[%emt 0:05:52]} Bd6 {[%emt 0:02:32]} 20. Na4 {[%emt 0:05:48]} Rad8 {[%emt 0:14:17]} 21. Nc5 {[%emt 0:06:21]} Bc8 {[%emt 0:00:29]} 22. b4 {[%emt 0:00:32]} g5 {[%emt 0:04:41]} 23. Nh2 {[%emt 0:02:40]} a5 {[%emt 0:03:28]} 24. Ng4 {[%emt 0:05:42]} Qg7 {[%emt 0:01:11]} 25. Qf3 {[%emt 0:01:36]} f5 {[%emt 0:06:47]} 26. Bxf5 {[%emt 0:07:30]} Rf8 {[%emt 0:00:08]} 27. Be6+ {[%emt 0:04:03]} Kh8 {[%emt 0:01:52]} 28. Qd1 {[%emt 0:01:20]} h5 {[%emt 0:05:48]} 29. Bxc8 {[%emt 0:01:06]} Rxc8 {[%emt 0:00:11]} 30. Nxb7 {[%emt 0:03:16]} hxg4 {[%emt 0:03:33]} 31. Rxc6 {[%emt 0:00:27]} g3 {[%emt 0:03:58]} 32. Nxd6 {[%emt 0:00:56]} gxf2+ {[%emt 0:00:23]} 33. Rxf2 {[%emt 0:00:26]} 1-0